| 000 | 01023nam0a22002531 4500 | ||
|---|---|---|---|
| 001 | rc\4647092 | ||
| 005 | 20260407182031.0 | ||
| 021 |
_aRU _b[66-86130] |
||
| 035 | _a(NLR Aleph) 008689125 | ||
| 090 |
_a9227455 _c9227455 |
||
| 100 | _a20130416d1966 |||y0rusy50 ca | ||
| 101 | 0 | _arus | |
| 102 | _aRU | ||
| 105 | _ay z ||||| | ||
| 200 | 1 |
_aТезисы докладов _fАН СССР. Объед. науч. совет "Физиология человека и животных". Пятое совещание по физиол. оптике. 20-25 окт. 1966 г. Москва |
|
| 210 |
_aМосква _aЛенинград _cБ. и. _d1966 |
||
| 215 |
_a178 с. _d22 |
||
| 606 |
_aОптика физиологическая _jТезисы докладов _2psbo |
||
| 710 | 1 | 2 |
_aСовещание по физиологической оптике _d5 _eМосква _f1966 _9733214 _3RU\NLR\AUTH\8810117002 |
| 801 | 0 |
_aRU _bNLR _gpsbo |
|
| 801 | 1 |
_aRU _bELAR _2rusmarc |
|
| 852 |
_aNLR _j66-5/5340 |
||
| 942 | _cBOOK | ||
| 980 | _aNB | ||